Mechanical engineering thermodynamics: (Record no. 2651)

000 -LEADER
fixed length control field 00559nam a22002057a 4500
001 - CONTROL NUMBER
control field 2651
003 - CONTROL NUMBER IDENTIFIER
control field BD-DhUET
008 - FIXED-LENGTH DATA ELEMENTS--GENERAL INFORMATION
fixed length control field 140928b xxu||||| |||| 00| 0 eng d
020 ## - INTERNATIONAL STANDARD BOOK NUMBER
International Standard Book Number 0852642768
040 ## - CATALOGING SOURCE
Transcribing agency 0
Modifying agency BD-DhUET
082 ## - DEWEY DECIMAL CLASSIFICATION NUMBER
Classification number 621.01
Item number PLI/1980
100 ## - MAIN ENTRY--PERSONAL NAME
Personal name Plint , M. A.
245 ## - TITLE STATEMENT
Title Mechanical engineering thermodynamics:
Remainder of title a laboratory course/
Statement of responsibility, etc. by M. A. Plint , L. Boswirth .
250 ## - EDITION STATEMENT
Edition statement 1st ed.
260 ## - PUBLICATION, DISTRIBUTION, ETC. (IMPRINT)
Place of publication, distribution, etc. London:
Name of publisher, distributor, etc. Charles Griffin,
Date of publication, distribution, etc. 1980.
300 ## - PHYSICAL DESCRIPTION
Extent ziv,232p.
650 #0 - SUBJECT ADDED ENTRY--TOPICAL TERM
Topical term or geographic name as entry element Thermodynamics
700 ## - ADDED ENTRY--PERSONAL NAME
Personal name Boswirth , L.
942 ## - ADDED ENTRY ELEMENTS (KOHA)
Koha item type General Book
Holdings
Location (home branch) Copy number Source of classification or shelving scheme Koha normalized classification for sorting Sublocation or collection (holding branch) Koha full call number Price effective from Withdrawn status Date acquired Koha item type Piece designation (barcode) Koha date last seen Lost status Damaged status Shelving location Not for loan
Central Library, BUET1 621_000000000000000_01PLI1980Central Library, BUET621.01/PLI/19802014-09-28 2014-09-28General Book727062014-09-28  Circulation section